| 000 | 01628cam a2200421 a 4500 | ||
|---|---|---|---|
| 001 | 4458329 | ||
| 003 | Nust | ||
| 005 | 20220830115713.0 | ||
| 008 | 950405r19941844nyua b 000 1 eng | ||
| 010 | _a 95136833 | ||
| 020 | _a9781853262050 | ||
| 040 |
_aDLC _cDLC _dDLC |
||
| 043 |
_ae-uk-en _an-us--- |
||
| 050 | 0 | 0 |
_aPR4563.A2 _bC37 1994 |
| 082 | 0 | 0 |
_a823 _bDIC |
| 100 | 1 |
_aDickens, Charles, _d1812-1870. _912180 |
|
| 245 | 1 | 0 |
_aMartin Chuzzlewit / _cCharles Dickens ; with forty illustrations by "Phiz" ; introduced by William Boyd. |
| 260 |
_aNew York : _bA.A. Knopf, _c1994. |
||
| 300 |
_axlvii, 814 p. : _c22 cm. |
||
| 490 | 0 |
_aEveryman's library ; _v200 |
|
| 504 | _aIncludes bibliographical references (p. xxiii). | ||
| 650 | 0 | 0 |
_aBritish _zUnited States _xFiction. _998661 |
| 650 | 0 |
_aGrandfathers _vFiction. _998609 |
|
| 650 | 0 |
_aYoung men _vFiction. _912184 |
|
| 650 | 0 |
_aAvarice _xFiction. _998662 |
|
| 651 | 0 |
_aUnited States _xDescription and travel _xFiction. _998663 |
|
| 651 | 0 |
_aEngland _xFiction. _911258 |
|
| 655 | 7 |
_aSatire. _2lcsh _97757 |
|
| 655 | 7 |
_aBlack humor (Literature) _2gsafd _998643 |
|
| 655 | 7 |
_aAdventure stories. _2gsafd |
|
| 655 | 7 |
_aBildungsromans. _2gsafd |
|
| 700 | 1 |
_aBrowne, Hablot Knight, _d1815-1882, _eillus. _912199 |
|
| 856 | 4 | 2 |
_3Publisher description _uhttp://www.loc.gov/catdir/description/random049/95136833.html |
| 856 | 4 | 2 |
_3Contributor biographical information _uhttps://www.loc.gov/catdir/enhancements/fy1616/95136833-b.html |
| 906 |
_a7 _bcbc _corignew _d2 _encip _f19 _gy-gencatlg |
||
| 942 |
_2ddc _cBK |
||
| 999 |
_c174577 _d174577 |
||